東京駅より西にある駅 - Statistics

General Stats
  • This quiz has been taken 438 times
  • The average score is 9 of 16
Answers on the Grid
Answers color-coded by a green-red scale on the quiz's grid according to % correct below.
大手町駅
御成門駅
宝町駅
本駒込駅
お花茶屋駅
青井駅
牛田駅
水道橋駅
清澄白河駅
茗荷谷駅
三越前駅
新橋駅
末広町駅
竹橋駅
一之江駅
田町駅
築地駅
赤坂見附駅
秋葉原駅
新富町駅
本郷三丁目駅
住吉駅
九段下駅
内幸町駅
青物横丁駅
茅場町駅
汐留駅
西太子堂駅
竹ノ塚駅
上中里駅
 
Answer Stats
Answer % Correct
九段下駅
67%
水道橋駅
66%
赤坂見附駅
63%
田町駅
62%
茗荷谷駅
61%
新橋駅
57%
本郷三丁目駅
55%
大手町駅
54%
本駒込駅
54%
竹橋駅
53%
御成門駅
49%
内幸町駅
49%
青物横丁駅
48%
西太子堂駅
43%
上中里駅
39%
汐留駅
32%
No matching quizzes found
Score Distribution
Percent of People with Each Score
Percentile by Number Answered
Your Score History
You have not taken this quiz